A text book of engineering chemistry (Record no. 4971)
[ view plain ]
| 000 -LEADER | |
|---|---|
| fixed length control field | 00437nam a2200145Ia 4500 |
| 003 - CONTROL NUMBER IDENTIFIER | |
| control field | SGT |
| 082 ## - DEWEY DECIMAL CLASSIFICATION NUMBER | |
| Classification number | 540 |
| Item number | CHA |
| 100 ## - MAIN ENTRY--PERSONAL NAME | |
| Personal name | Chawala,Shashi |
| 245 #2 - TITLE STATEMENT | |
| Title | A text book of engineering chemistry |
| 260 ## - PUBLICATION, DISTRIBUTION, ETC. (IMPRINT) | |
| Name of publisher, distributor, etc | Dhanpat Rai & Co. |
| Place of publication, distribution, etc | N. Delhi |
| Year of Publication | 2010 |
| 300 ## - PAGE DESCRIPTION | |
| No. of Pages | V.P.p. |
| 650 ## - SUBJECT ADDED ENTRY--TOPICAL TERM | |
| Topical term or geographic name as entry element | ENGINEERING CHEMISTRY |
| 653 ## - KEYWORDS--INDEX TERM | |
| Keyword term | POLYMERS & POLYMERIZATION,PLASTICS,ELASTOMERS,PETROLEUM AND PETROCHEMICALS,FUELS,WATER TREATMENT,LUBRICANTS |
| 942 ## - ADDED ENTRY ELEMENTS (KOHA) | |
| Source of classification or shelving scheme | Dewey Decimal Classification |
| Koha item type | Books |
| Withdrawn status | Lost status | Source of classification or shelving scheme | Damaged status | Not for loan | Home library | Current library | Date acquired | SGTU | Total Checkouts | Full call number | Accession No. (Barcode) | Date last seen | Bill Date | Koha item type |
|---|---|---|---|---|---|---|---|---|---|---|---|---|---|---|
| Dewey Decimal Classification | SGT Engineering Library | SGT Engineering Library | 28/04/2010 | SGTU | 540 CHA | FE2000 | 09/02/2015 | 09/02/2015 | Books | |||||
| Dewey Decimal Classification | SGT Engineering Library | SGT Engineering Library | 28/04/2010 | SGTU | 540 CHA | FE2001 | 09/02/2015 | 09/02/2015 | Books | |||||
| Dewey Decimal Classification | SGT Engineering Library | SGT Engineering Library | 28/04/2010 | SGTU | 540 CHA | FE2002 | 09/02/2015 | 09/02/2015 | Books |